| 000 | 00483nam a22001457a 4500 | ||
|---|---|---|---|
| 020 | _qHard Cover. | ||
| 100 | _aHaseeb, Muhammad Malik | ||
| 245 |
_aCooperate Ownership Structure and Performance of Business Groups in Pakistan _cMuhammad Haseeb Malik. |
||
| 260 |
_aIslamabad: _bNBS - NUST _c2014. |
||
| 300 |
_a36 p.: ill. ; _c30cm. |
||
| 650 |
_aMs Thesis. _918721 |
||
| 700 |
_aMr. Fazli Azim. _917761 |
||
| 942 |
_2ddc _cTHE |
||
| 999 |
_c528218 _d528218 |
||